[Event "GER-ch Youth U14 2019"]
[Site "Willingen"]
[Date "2019.06.13"]
[Round "7.1"]
[White "Pubantz, Jan"]
[Black "Krastev, Alexander"]
[Result "0-1"]
[WhiteElo "2192"]
[BlackElo "2344"]
[Annotator "NA RC"]
[PlyCount "114"]
[EventDate "2019.06.07"]
[EventType "swiss"]
[EventRounds "9"]
[EventCountry "GER"]
[SourceTitle "playchess.com"]
[Source "ChessBase"]
[SourceQuality "1"]
[TimeControl "40/5400+30:1800+30"]

1. d4 {[%emt 0:00:00]} Nf6 {[%emt 0:00:00]} 2. c4 {[%emt 0:00:00]} c5 {[%emt 0:00:00]} 3. Nf3 {[%emt 0:00:00]} cxd4 {[%emt 0:00:00]} 4. Nxd4 {[%emt 0:00:00]} e5 {[%emt 0:00:00]} 5. Nb5 {[%emt 0:00:33]} d5 {[%emt 0:00:00]} 6. cxd5 {[%emt 0:00:06]} Bb4+ {[%emt 0:00:00]} 7. N1c3 {[%emt 0:27:02]} O-O {[%emt 0:00:14]} 8. a3 {[%emt 0:07:11]} Ba5 {[%emt 0:00:10]} 9. b4 {[%emt 0:01:39]} Bb6 {[%emt 0:00:06]} 10. a4 {[%emt 0:02:40]} a6 {[%emt 0:03:00]} 11. Na3 {[%emt 0:03:22]} Bd4 {[%emt 0:04:00]} 12. Bd2 {[%emt 0:17:34]} Nxd5 {[%emt 0:04:52]} 13. Qb3 {[%emt 0:03:12]} Be6 {[%emt 0:03:47]} 14. Qb2 {[%emt 0:05:38]} e4 {[%emt 0:15:44]} 15. e3 {[%emt 0:00:30]} Bf6 {[%emt 0:00:27]} 16. Rc1 {[%emt 0:08:37]} Nc6 {[%emt 0:05:58]} 17. Qb1 {[%emt 0:01:58]} Nxc3 {[%emt 0:03:53]} 18. Bxc3 {[%emt 0:00:07]} Bxc3+ {[%emt 0:00:07]} 19. Rxc3 {[%emt 0:00:05]} Qf6 {[%emt 0:00:14]} 20. Rc5 {[%emt 0:03:45]} Rac8 {[%emt 0:07:13]} 21. Be2 {[%emt 0:05:16]} b6 {[%emt 0:11:54]} 22. Rc1 {[%emt 0:04:37]} Ne5 {[%emt 0:04:18]} 23. O-O {[%emt 0:01:58]} Nf3+ {[%emt 0:00:44]} 24. Bxf3 {[%emt 0:02:46]} exf3 {[%emt 0:00:06]} 25. Rxc8 {[%emt 0:00:53]} Bxc8 {[%emt 0:04:25]} 26. Qe4 {[%emt 0:01:00]} fxg2 {[%emt 0:00:45]} 27. Rd1 {[%emt 0:02:02]} h5 {[%emt 0:04:54]} 28. Rd4 {[%emt 0:00:36]} Be6 {[%emt 0:02:43]} 29. Nc4 {[%emt 0:00:45]} Rc8 {[%emt 0:00:42]} 30. Kxg2 {[%emt 0:00:34]} Qg5+ {[%emt 0:11:08]} 31. Kf1 {[%emt 0:00:07]} Bh3+ {[%emt 0:00:21]} 32. Ke2 {[%emt 0:00:11]} Qg1 {[%emt 0:00:06]} 33. Nd2 {[%emt 0:01:06]} Bg4+ {[%emt 0:03:09]} 34. f3 {[%emt 0:00:21]} Qxh2+ {[%emt 0:00:14]} 35. Kd3 {[%emt 0:00:11]} Be6 {[%emt 0:00:14]} 36. Qf4 {[%emt 0:00:58]} Qxf4 {[%emt 0:04:52]} 37. Rxf4 {[%emt 0:00:05]} g5 {[%emt 0:03:58]} 38. Rd4 {[%emt 0:00:08]} h4 {[%emt 0:00:23]} 39. Ke2 {[%emt 0:01:24]} Rc2 {[%emt 0:01:51]} 40. Rd8+ {[%emt 0:00:31]} Kg7 {[%emt 0:00:17]} 41. Kf2 {[%emt 0:17:09]} Ra2 {[%emt 0:04:13]} 42. Rd6 {[%emt 0:01:04]} Kf8 {[%emt 0:02:44]} 43. b5 {[%emt 0:01:30]} Ke7 {[%emt 0:02:07]} 44. Rd4 {[%emt 0:00:13]} axb5 {[%emt 0:00:25]} 45. axb5 {[%emt 0:00:06]} Rb2 {[%emt 0:00:05]} 46. f4 {[%emt 0:04:58]} f6 {[%emt 0:06:41]} 47. Kg1 {[%emt 0:02:49]} Rxb5 {[%emt 0:00:54]} 48. e4 {[%emt 0:01:00]} gxf4 {[%emt 0:01:18]} 49. Nf3 {[%emt 0:00:41]} h3 {[%emt 0:01:18]} 50. Ra4 {[%emt 0:02:28]} Rb1+ {[%emt 0:01:37]} 51. Kh2 {[%emt 0:00:17]} Rb2+ {[%emt 0:01:12]} 52. Kg1 {[%emt 0:01:30]} Bg4 {[%emt 0:01:14]} 53. Nh2 {[%emt 0:00:31]} Bh5 {[%emt 0:02:55]} 54. Ra7+ {[%emt 0:01:43]} Ke6 {[%emt 0:00:15]} 55. Rh7 {[%emt 0:00:07]} Rg2+ {[%emt 0:00:31]} 56. Kh1 {[%emt 0:00:11]} Bg6 {[%emt 0:00:56] normal} 57. Nf3 {[%emt 0:00:41]} Bxh7 {[%emt 0:00:47] normal} 0-1

[Event "GER-ch Youth U14 2019"]
[Site "Willingen"]
[Date "2019.06.13"]
[Round "7.2"]
[White "Bethke, Richard"]
[Black "Colbow, Collin"]
[Result "1-0"]
[WhiteElo "2246"]
[BlackElo "2169"]
[Annotator "NA"]
[PlyCount "83"]
[EventDate "2019.06.07"]
[EventType "swiss"]
[EventRounds "9"]
[EventCountry "GER"]
[SourceTitle "playchess.com"]
[Source "ChessBase"]
[SourceQuality "1"]
[TimeControl "40/5400+30:1800+30"]

1. e4 {[%emt 0:00:00]} c5 {[%emt 0:00:00]} 2. Nf3 {[%emt 0:00:07]} d6 {[%emt 0:00:00]} 3. d4 {[%emt 0:00:06]} cxd4 {[%emt 0:00:00]} 4. Nxd4 {[%emt 0:00:08]} Nf6 {[%emt 0:00:00]} 5. Nc3 {[%emt 0:00:09]} Nc6 {[%emt 0:01:05]} 6. Bg5 {[%emt 0:04:41]} e6 {[%emt 0:00:27]} 7. Qd2 {[%emt 0:00:51]} Qb6 {[%emt 0:00:29]} 8. Nb3 {[%emt 0:09:45]} a6 {[%emt 0:04:12]} 9. f4 {[%emt 0:01:27]} Qc7 {[%emt 0:04:44]} 10. O-O-O {[%emt 0:01:19]} b5 {[%emt 0:01:26]} 11. a3 {[%emt 0:08:30]} Rb8 {[%emt 0:01:32]} 12. Kb1 {[%emt 0:06:25]} b4 {[%emt 0:01:10]} 13. axb4 {[%emt 0:00:25]} Rxb4 {[%emt 0:01:17]} 14. Bxf6 {[%emt 0:04:57]} gxf6 {[%emt 0:00:21]} 15. f5 {[%emt 0:00:56]} h5 {[%emt 0:07:48]} 16. fxe6 {[%emt 0:01:28]} fxe6 {[%emt 0:00:48]} 17. g3 {[%emt 0:00:25]} Be7 {[%emt 0:14:07]} 18. Bh3 {[%emt 0:02:03]} a5 {[%emt 0:02:30]} 19. Na2 {[%emt 0:10:15]} Rxe4 {[%emt 0:05:33]} 20. Bg2 {[%emt 0:05:34]} Ra4 {[%emt 0:09:46]} 21. Nc3 {[%emt 0:04:18]} Rb4 {[%emt 0:00:19]} 22. Qd3 {[%emt 0:07:24]} Ne5 {[%emt 0:09:21]} 23. Nb5 {[%emt 0:01:03]} Qb6 {[%emt 0:03:05]} 24. Nxd6+ {[%emt 0:00:24]} Bxd6 {[%emt 0:00:16]} 25. Qxd6 {[%emt 0:00:55]} Qxd6 {[%emt 0:02:20]} 26. Rxd6 {[%emt 0:00:08]} Ke7 {[%emt 0:08:38]} 27. Rhd1 {[%emt 0:02:21]} a4 {[%emt 0:03:16]} 28. Na5 {[%emt 0:09:05]} f5 {[%emt 0:04:03]} 29. Ka2 {[%emt 0:08:50]} Rb5 {[%emt 0:02:14]} 30. Nc6+ {[%emt 0:00:33]} Nxc6 {[%emt 0:01:10]} 31. Rxc6 {[%emt 0:00:10]} h4 {[%emt 0:02:49]} 32. Rd4 {[%emt 0:01:49]} hxg3 {[%emt 0:00:33]} 33. hxg3 {[%emt 0:00:13]} Kf6 {[%emt 0:01:26]} 34. Rc7 {[%emt 0:01:40]} Rg8 {[%emt 0:04:13]} 35. Bf1 {[%emt 0:03:11]} Ra5 {[%emt 0:00:34]} 36. Rd6 {[%emt 0:01:56]} Ra8 {[%emt 0:01:35]} 37. Bg2 {[%emt 0:00:55]} Ra5 {[%emt 0:00:52]} 38. Rc3 {[%emt 0:02:15]} Ba6 {[%emt 0:02:32]} 39. Rcc6 {[%emt 0:00:50]} Bc8 {[%emt 0:00:09]} 40. Bf1 {[%emt 0:01:40]} Re5 {[%emt 0:02:11]} 41. Bc4 {[%emt 0:02:59]} Re3 {[%emt 0:03:05]} 42. Rc7 {[%emt 0:01:10] normal} 1-0

[Event "GER-ch Youth U14 2019"]
[Site "Willingen"]
[Date "2019.06.13"]
[Round "7.3"]
[White "Weihrauch, Jakob"]
[Black "Hetzner, Hannes"]
[Result "1-0"]
[WhiteElo "2158"]
[BlackElo "1996"]
[Annotator "NA"]
[PlyCount "58"]
[EventDate "2019.06.07"]
[EventType "swiss"]
[EventRounds "9"]
[EventCountry "GER"]
[SourceTitle "playchess.com"]
[Source "ChessBase"]
[SourceQuality "1"]
[TimeControl "40/5400+30:1800+30"]

1. e4 {[%emt 0:00:00]} e6 {[%emt 0:00:00]} 2. d4 {[%emt 0:00:00]} d5 {[%emt 0:00:00]} 3. Nc3 {[%emt 0:00:00]} Bb4 {[%emt 0:00:00]} 4. e5 {[%emt 0:00:25]} c5 {[%emt 0:00:00]} 5. Bd2 {[%emt 0:00:45]} Ne7 {[%emt 0:00:21]} 6. a3 {[%emt 0:00:44]} Bxc3 {[%emt 0:03:53]} 7. Bxc3 {[%emt 0:00:02]} Nbc6 {[%emt 0:06:29]} 8. Nf3 {[%emt 0:01:15]} cxd4 {[%emt 0:06:57]} 9. Bxd4 {[%emt 0:00:07]} Nf5 {[%emt 0:06:36]} 10. Bc3 {[%emt 0:00:27]} d4 {[%emt 0:03:47]} 11. Bd2 {[%emt 0:00:06]} f6 {[%emt 0:06:38]} 12. Bd3 {[%emt 0:04:40]} O-O {[%emt 0:07:16]} 13. Qe2 {[%emt 0:03:14]} Qc7 {[%emt 0:08:51]} 14. O-O-O {[%emt 0:07:19]} Bd7 {[%emt 0:06:03]} 15. Bxf5 {[%emt 0:01:55]} exf5 {[%emt 0:00:12]} 16. Qc4+ {[%emt 0:00:07]} Kh8 {[%emt 0:01:17]} 17. e6 {[%emt 0:00:35]} b5 {[%emt 0:04:31]} 18. Qc5 {[%emt 0:06:44]} Bxe6 {[%emt 0:05:00]} 19. Nxd4 {[%emt 0:00:08]} Bd7 {[%emt 0:01:20]} 20. Nxb5 {[%emt 0:02:17]} Qb7 {[%emt 0:05:03]} 21. Nd6 {[%emt 0:02:49]} Qa6 {[%emt 0:00:46]} 22. Qb5 {[%emt 0:08:11]} Qxb5 {[%emt 0:01:55]} 23. Nxb5 {[%emt 0:00:02]} Ne5 {[%emt 0:01:02]} 24. Nc7 {[%emt 0:04:31]} Rac8 {[%emt 0:05:31]} 25. Bb4 {[%emt 0:00:17]} Rf7 {[%emt 0:01:37]} 26. Nd5 {[%emt 0:02:46]} Ba4 {[%emt 0:04:05]} 27. Rd2 {[%emt 0:08:41]} Rd7 {[%emt 0:04:48]} 28. Bc3 {[%emt 0:08:05]} Bc6 {[%emt 0:02:51] normal} 29. Rhd1 {[%emt 0:07:39]} Rcd8 {[%emt 0:01:55] normal} 1-0

[Event "GER-ch Youth U14 2019"]
[Site "Willingen"]
[Date "2019.06.13"]
[Round "7.4"]
[White "Gallasch, Jonas"]
[Black "von Krosigk, Florian"]
[Result "1-0"]
[WhiteElo "2137"]
[BlackElo "1926"]
[Annotator "NA"]
[PlyCount "61"]
[EventDate "2019.06.07"]
[EventType "swiss"]
[EventRounds "9"]
[EventCountry "GER"]
[SourceTitle "playchess.com"]
[Source "ChessBase"]
[SourceQuality "1"]
[TimeControl "40/5400+30:1800+30"]

1. d4 {[%emt 0:00:00]} Nf6 {[%emt 0:00:00]} 2. c4 {[%emt 0:00:00]} g6 {[%emt 0:00:54]} 3. Nc3 {[%emt 0:01:20]} Bg7 {[%emt 0:00:10]} 4. e4 {[%emt 0:01:37]} d6 {[%emt 0:00:28]} 5. Nf3 {[%emt 0:00:32]} O-O {[%emt 0:00:34]} 6. h3 {[%emt 0:00:07]} e5 {[%emt 0:13:47]} 7. dxe5 {[%emt 0:00:19]} dxe5 {[%emt 0:00:06]} 8. Be3 {[%emt 0:00:09]} h6 {[%emt 0:09:19]} 9. Qc2 {[%emt 0:04:24]} Qe7 {[%emt 0:04:19]} 10. Be2 {[%emt 0:02:46]} c6 {[%emt 0:04:54]} 11. O-O {[%emt 0:03:56]} Nh5 {[%emt 0:07:39]} 12. Qd2 {[%emt 0:15:32]} Kh7 {[%emt 0:06:30]} 13. Rad1 {[%emt 0:09:10]} Na6 {[%emt 0:07:19]} 14. Ne1 {[%emt 0:25:40]} Nf6 {[%emt 0:06:45]} 15. Nd3 {[%emt 0:01:49]} Nd7 {[%emt 0:05:51]} 16. Qc2 {[%emt 0:09:38]} f5 {[%emt 0:11:40]} 17. exf5 {[%emt 0:01:58]} gxf5 {[%emt 0:00:13]} 18. f4 {[%emt 0:01:29]} e4 {[%emt 0:00:29]} 19. Nf2 {[%emt 0:00:16]} Rg8 {[%emt 0:02:50]} 20. Kh2 {[%emt 0:00:59]} Bf6 {[%emt 0:08:04]} 21. Rg1 {[%emt 0:04:18]} Bh4 {[%emt 0:02:14]} 22. g3 {[%emt 0:00:23]} Bf6 {[%emt 0:00:32]} 23. a3 {[%emt 0:01:38]} Nc7 {[%emt 0:01:58]} 24. Rdf1 {[%emt 0:04:24]} Ne6 {[%emt 0:02:41]} 25. Rd1 {[%emt 0:00:56]} Nc7 {[%emt 0:00:16]} 26. g4 {[%emt 0:01:06]} Bxc3 {[%emt 0:01:05]} 27. Qxc3 {[%emt 0:00:25]} fxg4 {[%emt 0:00:43]} 28. Nxg4 {[%emt 0:00:27]} h5 {[%emt 0:01:12]} 29. Rxd7 {[%emt 0:00:18]} Bxd7 {[%emt 0:01:05]} 30. Nf6+ {[%emt 0:00:06]} Kh8 {[%emt 0:00:25]} 31. Nxg8+ {[%emt 0:00:07] normal} 1-0

[Event "GER-ch Youth U14 2019"]
[Site "Willingen"]
[Date "2019.06.13"]
[Round "7.5"]
[White "Lutz, Ruben"]
[Black "Arakelian, Aik"]
[Result "1/2-1/2"]
[WhiteElo "2055"]
[BlackElo "1911"]
[Annotator "NA"]
[PlyCount "46"]
[EventDate "2019.06.07"]
[EventType "swiss"]
[EventRounds "9"]
[EventCountry "GER"]
[SourceTitle "playchess.com"]
[Source "ChessBase"]
[SourceQuality "1"]
[TimeControl "40/5400+30:1800+30"]

1. d4 {[%emt 0:00:00]} g6 {[%emt 0:00:00]} 2. Bf4 {[%emt 0:00:22]} d6 {[%emt 0:00:04]} 3. Nf3 {[%emt 0:03:46]} Bg7 {[%emt 0:00:32]} 4. c3 {[%emt 0:01:47]} Nd7 {[%emt 0:01:00]} 5. e4 {[%emt 0:05:11]} e5 {[%emt 0:01:56]} 6. dxe5 {[%emt 0:00:44]} dxe5 {[%emt 0:00:14]} 7. Bg3 {[%emt 0:01:06]} Qe7 {[%emt 0:01:50]} 8. Nbd2 {[%emt 0:02:07]} Ngf6 {[%emt 0:01:28]} 9. h3 {[%emt 0:20:13]} O-O {[%emt 0:04:35]} 10. Bc4 {[%emt 0:00:51]} h6 {[%emt 0:06:46]} 11. O-O {[%emt 0:05:51]} Kh7 {[%emt 0:03:56]} 12. Re1 {[%emt 0:01:38]} Nh5 {[%emt 0:06:14]} 13. Bh2 {[%emt 0:01:21]} Nb6 {[%emt 0:06:26]} 14. Bf1 {[%emt 0:03:41]} Bf6 {[%emt 0:02:20]} 15. a4 {[%emt 0:02:15]} a5 {[%emt 0:02:02]} 16. Nc4 {[%emt 0:05:28]} Nxc4 {[%emt 0:04:48]} 17. Bxc4 {[%emt 0:00:05]} Be6 {[%emt 0:00:17]} 18. Qb3 {[%emt 0:02:46]} Bxc4 {[%emt 0:03:11]} 19. Qxc4 {[%emt 0:00:08]} Ng7 {[%emt 0:00:15]} 20. Rad1 {[%emt 0:06:08]} c6 {[%emt 0:03:26]} 21. Re3 {[%emt 0:08:09]} Rfd8 {[%emt 0:04:34]} 22. Red3 {[%emt 0:00:33]} Rxd3 {[%emt 0:00:17]} 23. Qxd3 {[%emt 0:12:19]} Qc5 {[%emt 0:03:23] normal} 1/2-1/2

[Event "GER-ch Youth U14 2019"]
[Site "Willingen"]
[Date "2019.06.13"]
[Round "7.6"]
[White "Musiolik, David"]
[Black "Roehr, Oliver"]
[Result "1/2-1/2"]
[WhiteElo "2132"]
[BlackElo "1960"]
[Annotator "TA"]
[PlyCount "99"]
[EventDate "2019.06.07"]
[EventType "swiss"]
[EventRounds "9"]
[EventCountry "GER"]
[SourceTitle "playchess.com"]
[Source "ChessBase"]
[SourceQuality "1"]

{[%evp 15,99,25,37,34,27,12,11,11,33,-6,21,5,88,10,18,0,35,0,33,0,0,-2,4,-16,4,-17,4,0,0,7,26,42,45,37,60,58,58,47,64,0,38,53,47,38,85,-27,0,0,-7,-7,0,0,0,0,0,0,0,0,0,0,0,0,0,0,0,-22,0,0,0,0,0,0,0,0,0,0,0,0,0,-27,-53,-76,-69,-49,-52,-194]} 1. e4 e5 2. Nf3 Nc6 3. Bb5 a6 4. Ba4 g6 5. O-O Bg7 6. c3 b5 7. Bc2 d6 8. h3 Nf6 9. d4 {C60: Ruy Lopez: Unusual Black 3rd moves and 3...g6} O-O 10. Re1 exd4 (10... Bb7 11. a4 exd4 12. Nxd4 Re8 13. Nd2 b4 14. Nxc6 Bxc6 15. cxb4 Rb8 {0-1 (54) Agrest,I (2280)-Jones,G (2640) chess.com INT 2018}) 11. cxd4 {The position is equal.} Bb7 12. Nbd2 Nd7 13. Nf1 Re8 $146 (13... Nb4 $11 {keeps the balance.}) ({Predecessor:} 13... Nb4 14. Bb3 c5 15. Bf4 Qb6 {1-0 (86) Kruglyakov,P (2201)-Ajrapetjan,Y (2423) Evpatoria 2005}) 14. Ng3 (14. Bg5 $16 Qc8 15. Qd2) 14... Nb6 15. a3 Rc8 16. Re2 Ne7 17. Bd2 c5 18. Bc3 Nc6 19. Bb3 Qe7 20. Kh1 h6 21. Qd2 cxd4 22. Nxd4 {[#] Threatens to win with Ndf5!} Nxd4 23. Bxd4 Nc4 24. Bxc4 $1 Rxc4 25. Bxg7 Kxg7 26. Rd1 Rd8 27. Re3 (27. f3 $14) 27... Qg5 28. b3 Rc5 29. Ne2 Qf6 30. Nd4 (30. f3 $16) 30... Re8 31. Rde1 Rce5 {[%cal Rb7e4]} 32. f3 d5 (32... Kh7 {feels hotter.} 33. R3e2 d5 34. exd5 Rxe2 35. Nxe2 Re5) 33. exd5 Rxe3 34. Rxe3 Rxe3 35. Qxe3 Bxd5 36. Kg1 Be6 37. Kf1 Bd5 38. Ke2 Qd6 39. Qc3 {Threatening mate with Nf5+!} Qe5+ 40. Kd3 Kf6 41. Qc8 {Qh8+ is the strong threat.} Kg7 42. Qxa6 Qe1 43. Qb6 Qd1+ 44. Kc3 {aiming for Nc2.} Qe1+ 45. Kd3 Qd1+ 46. Ke3 Qg1+ 47. Kf4 Qxg2 {[%csl Gh6][%cal Rg2g5]} 48. Ke5 Qg5+ 49. Kd6 {[#]} Bxf3 $1 {[%mdl 512]} 50. Qxb5 {Accuracy: White = 34%, Black = 35%.} (50. Nxf3 $15 Qf6+ 51. Kc7 Qxf3 52. a4) 1/2-1/2

[Event "GER-ch Youth U14 2019"]
[Site "Willingen"]
[Date "2019.06.13"]
[Round "7.7"]
[White "Haack, Kevin"]
[Black "Bui, Bao Anh Le"]
[Result "0-1"]
[WhiteElo "2033"]
[BlackElo "2065"]
[Annotator "NA"]
[PlyCount "40"]
[EventDate "2019.06.07"]
[EventType "swiss"]
[EventRounds "9"]
[EventCountry "GER"]
[SourceTitle "playchess.com"]
[Source "ChessBase"]
[SourceQuality "1"]
[TimeControl "40/5400+30:1800+30"]

1. e4 {[%emt 0:00:00]} c5 {[%emt 0:00:14]} 2. Nf3 {[%emt 0:00:00]} d6 {[%emt 0:00:32]} 3. d4 {[%emt 0:00:00]} cxd4 {[%emt 0:00:12]} 4. Nxd4 {[%emt 0:00:02]} Nf6 {[%emt 0:00:10]} 5. Nc3 {[%emt 0:00:06]} a6 {[%emt 0:00:13]} 6. Be3 {[%emt 0:00:14]} e5 {[%emt 0:00:49]} 7. Nb3 {[%emt 0:00:11]} Be6 {[%emt 0:00:31]} 8. f4 {[%emt 0:00:06]} exf4 {[%emt 0:00:17]} 9. Bxf4 {[%emt 0:00:06]} Nc6 {[%emt 0:00:03]} 10. Qe2 {[%emt 0:00:29]} Rc8 {[%emt 0:00:09]} 11. h3 {[%emt 0:00:22]} Nb4 {[%emt 0:01:58]} 12. O-O-O {[%emt 0:00:17]} Nxa2+ {[%emt 0:00:58]} 13. Nxa2 {[%emt 0:00:06]} Bxb3 {[%emt 0:00:11]} 14. Nc3 {[%emt 0:00:06]} Be6 {[%emt 0:00:11]} 15. e5 {[%emt 0:06:57]} Nd7 {[%emt 0:00:29]} 16. exd6 {[%emt 0:00:39]} Qa5 {[%emt 0:00:09]} 17. Qe3 {[%emt 0:05:46]} g5 {[%emt 0:09:31]} 18. Bxg5 {[%emt 0:07:02]} Bg7 {[%emt 0:01:55]} 19. Nb1 {[%emt 0:29:41]} Bxb2+ {[%emt 0:01:40]} 20. Kxb2 {[%emt 0:00:15]} Qa2+ {[%emt 0:00:04] normal} 0-1

[Event "GER-ch Youth U14 2019"]
[Site "Willingen"]
[Date "2019.06.13"]
[Round "7.8"]
[White "Deutsch, Christoph"]
[Black "Eilenberg, Jonas"]
[Result "1/2-1/2"]
[WhiteElo "1937"]
[BlackElo "1934"]
[Annotator "NA"]
[PlyCount "66"]
[EventDate "2019.06.07"]
[EventType "swiss"]
[EventRounds "9"]
[EventCountry "GER"]
[SourceTitle "playchess.com"]
[Source "ChessBase"]
[SourceQuality "1"]
[TimeControl "40/5400+30:1800+30"]

1. e4 {[%emt 0:00:00]} e6 {[%emt 0:00:00]} 2. d4 {[%emt 0:00:00]} d5 {[%emt 0:00:00]} 3. exd5 {[%emt 0:00:00]} exd5 {[%emt 0:00:00]} 4. Nf3 {[%emt 0:00:00]} Nc6 {[%emt 0:00:00]} 5. c4 {[%emt 0:00:01]} Bb4+ {[%emt 0:00:27]} 6. Nc3 {[%emt 0:00:37]} Nge7 {[%emt 0:00:39]} 7. a3 {[%emt 0:01:24]} Bxc3+ {[%emt 0:00:06]} 8. bxc3 {[%emt 0:00:06]} O-O {[%emt 0:00:05]} 9. Be2 {[%emt 0:01:01]} dxc4 {[%emt 0:00:04]} 10. Bxc4 {[%emt 0:04:26]} Nd5 {[%emt 0:00:09]} 11. Bxd5 {[%emt 0:02:44]} Qxd5 {[%emt 0:00:07]} 12. O-O {[%emt 0:00:07]} Bg4 {[%emt 0:00:48]} 13. Bf4 {[%emt 0:01:34]} Bxf3 {[%emt 0:01:28]} 14. Qxf3 {[%emt 0:00:13]} Qxf3 {[%emt 0:00:05]} 15. gxf3 {[%emt 0:00:09]} Rac8 {[%emt 0:03:37]} 16. Rab1 {[%emt 0:01:55]} b6 {[%emt 0:01:03]} 17. Rfe1 {[%emt 0:02:03]} Rfd8 {[%emt 0:03:36]} 18. Re4 h6 {[%emt 0:04:44]} 19. Rbe1 {[%emt 0:08:31]} Kf8 {[%emt 0:06:05]} 20. h4 {[%emt 0:05:06]} b5 {[%emt 0:06:25]} 21. Kg2 {[%emt 0:06:04]} Rd7 {[%emt 0:02:54]} 22. a4 {[%emt 0:16:13]} bxa4 {[%emt 0:11:03]} 23. Ra1 {[%emt 0:00:08]} Ne7 {[%emt 0:00:18]} 24. Rxa4 {[%emt 0:00:22]} Nd5 {[%emt 0:00:04]} 25. Bd2 {[%emt 0:03:02]} c6 {[%emt 0:05:13]} 26. Ra6 {[%emt 0:01:58]} Rb7 {[%emt 0:12:05]} 27. c4 {[%emt 0:03:34]} Nf6 {[%emt 0:01:13]} 28. Re1 {[%emt 0:00:30]} Rd7 {[%emt 0:01:06]} 29. Bb4+ {[%emt 0:03:45]} Kg8 {[%emt 0:00:07]} 30. Bc5 {[%emt 0:00:04]} Rcc7 {[%emt 0:08:58]} 31. Rea1 {[%emt 0:11:23]} Nh5 {[%emt 0:02:57]} 32. Rxa7 {[%emt 0:03:46]} Nf4+ {[%emt 0:00:25]} 33. Kh2 {[%emt 0:00:37]} Ne6 {[%emt 0:00:34] normal} 1/2-1/2

[Event "GER-ch Youth U14 2019"]
[Site "Willingen"]
[Date "2019.06.13"]
[Round "7.9"]
[White "Laux, Dominik"]
[Black "Chassard, Cedric"]
[Result "1/2-1/2"]
[WhiteElo "2061"]
[BlackElo "1772"]
[Annotator "NA"]
[PlyCount "58"]
[EventDate "2019.06.07"]
[EventType "swiss"]
[EventRounds "9"]
[EventCountry "GER"]
[SourceTitle "playchess.com"]
[Source "ChessBase"]
[SourceQuality "1"]
[TimeControl "40/5400+30:1800+30"]

1. d4 {[%emt 0:00:00]} Nf6 {[%emt 0:00:00]} 2. Bg5 {[%emt 0:00:18]} d5 {[%emt 0:00:00]} 3. e3 {[%emt 0:00:08]} c5 {[%emt 0:00:00]} 4. Bxf6 {[%emt 0:00:32]} gxf6 {[%emt 0:00:00]} 5. Nc3 {[%emt 0:01:17]} Nc6 {[%emt 0:00:12]} 6. Qh5 {[%emt 0:00:33]} e6 {[%emt 0:02:39]} 7. Nf3 {[%emt 0:01:15]} cxd4 {[%emt 0:02:38]} 8. exd4 {[%emt 0:00:28]} f5 {[%emt 0:02:48]} 9. Bb5 {[%emt 0:03:11]} Bd7 {[%emt 0:01:36]} 10. O-O {[%emt 0:03:45]} Qf6 {[%emt 0:03:12]} 11. Rfe1 {[%emt 0:04:06]} Be7 {[%emt 0:03:53]} 12. Ne5 {[%emt 0:06:02]} Nxe5 {[%emt 0:03:17]} 13. Rxe5 {[%emt 0:01:30]} Bxb5 {[%emt 0:02:02]} 14. Nxb5 {[%emt 0:02:39]} O-O {[%emt 0:00:23]} 15. Rae1 {[%emt 0:03:49]} Rac8 {[%emt 0:10:42]} 16. Nc3 {[%emt 0:16:44]} Qh4 {[%emt 0:01:22]} 17. Qd1 {[%emt 0:06:59]} Bd6 {[%emt 0:00:39]} 18. g3 {[%emt 0:00:52]} Qh3 {[%emt 0:07:43]} 19. R5e3 {[%emt 0:02:20]} Kh8 {[%emt 0:02:10]} 20. Ne2 {[%emt 0:04:11]} Rg8 {[%emt 0:03:41]} 21. Rf3 {[%emt 0:08:41]} Rg6 {[%emt 0:04:10]} 22. Nf4 {[%emt 0:02:25]} Bxf4 {[%emt 0:00:12]} 23. Rxf4 {[%emt 0:00:02]} Rh6 {[%emt 0:00:31]} 24. c3 {[%emt 0:01:04]} Qxh2+ {[%emt 0:04:11]} 25. Kf1 {[%emt 0:00:57]} Qh1+ {[%emt 0:02:35]} 26. Ke2 {[%emt 0:00:08]} Qh5+ {[%emt 0:00:06]} 27. Rf3 {[%emt 0:02:39]} Qg4 {[%emt 0:06:30]} 28. Qa4 {[%emt 0:03:28]} Rh2 {[%emt 0:14:54]} 29. Rd1 {[%emt 0:04:02]} b5 {[%emt 0:01:51] normal} 1/2-1/2

[Event "GER-ch Youth U14 2019"]
[Site "Willingen"]
[Date "2019.06.13"]
[Round "7.10"]
[White "Farokhi, Keyvan"]
[Black "Haufe, Laurin"]
[Result "1-0"]
[WhiteElo "1963"]
[BlackElo "1995"]
[Annotator "NA"]
[PlyCount "76"]
[EventDate "2019.06.07"]
[EventType "swiss"]
[EventRounds "9"]
[EventCountry "GER"]
[SourceTitle "playchess.com"]
[Source "ChessBase"]
[SourceQuality "1"]
[TimeControl "40/5400+30:1800+30"]

1. e4 {[%emt 0:00:00]} c5 {[%emt 0:00:00]} 2. Nf3 {[%emt 0:00:00]} d6 {[%emt 0:00:00]} 3. d4 {[%emt 0:00:00]} cxd4 {[%emt 0:00:00]} 4. Nxd4 {[%emt 0:00:00]} Nf6 {[%emt 0:00:00]} 5. Nc3 {[%emt 0:00:00]} a6 {[%emt 0:00:00]} 6. Nb3 {[%emt 0:00:07]} e6 {[%emt 0:00:12]} 7. g4 {[%emt 0:00:16]} Be7 {[%emt 0:04:07]} 8. Bg2 {[%emt 0:01:53]} Nc6 {[%emt 0:01:34]} 9. g5 {[%emt 0:00:35]} Nd7 {[%emt 0:00:22]} 10. f4 {[%emt 0:00:12]} b5 {[%emt 0:06:11]} 11. a3 {[%emt 0:01:04]} Bb7 {[%emt 0:02:03]} 12. O-O {[%emt 0:00:12]} Qc7 {[%emt 0:03:33]} 13. Be3 {[%emt 0:15:49]} O-O-O {[%emt 0:06:52]} 14. Nd4 {[%emt 0:07:11]} Nxd4 {[%emt 0:10:07]} 15. Qxd4 {[%emt 0:01:27]} e5 {[%emt 0:10:28]} 16. Qa7 {[%emt 0:10:54]} f6 {[%emt 0:05:40]} 17. Bh3 {[%emt 0:14:41]} Qb8 {[%emt 0:04:24]} 18. gxf6 {[%emt 0:08:04]} Qxa7 {[%emt 0:07:27]} 19. Bxa7 {[%emt 0:00:09]} gxf6 {[%emt 0:00:34]} 20. Be6 {[%emt 0:02:22]} Kc7 {[%emt 0:06:57]} 21. Nd5+ {[%emt 0:03:11]} Bxd5 {[%emt 0:00:27]} 22. Bxd5 {[%emt 0:00:20]} Nb6 {[%emt 0:01:37]} 23. Bxb6+ {[%emt 0:00:04]} Kxb6 {[%emt 0:00:06]} 24. f5 {[%emt 0:00:22]} Bf8 {[%emt 0:04:04]} 25. b3 {[%emt 0:02:42]} Bh6 {[%emt 0:03:21]} 26. Kf2 {[%emt 0:01:24]} Bd2 {[%emt 0:02:38]} 27. Ke2 {[%emt 0:04:28]} Bc3 {[%emt 0:02:40]} 28. Rad1 {[%emt 0:00:09]} Rd7 {[%emt 0:03:13]} 29. Be6 {[%emt 0:01:57]} Rdd8 {[%emt 0:00:54]} 30. Rd3 {[%emt 0:00:18]} Bb2 {[%emt 0:01:22]} 31. Rb1 {[%emt 0:00:44]} Bxa3 {[%emt 0:00:49]} 32. b4 {[%emt 0:00:01]} Bxb4 {[%emt 0:00:11]} 33. Rxb4 {[%emt 0:00:01]} a5 {[%emt 0:00:43]} 34. Rb1 {[%emt 0:00:14]} h6 {[%emt 0:04:13]} 35. Rdb3 {[%emt 0:00:44]} b4 {[%emt 0:00:41]} 36. c3 {[%emt 0:00:09]} Ra8 {[%emt 0:00:32]} 37. cxb4 {[%emt 0:00:17]} a4 {[%emt 0:00:08]} 38. Ra3 {[%emt 0:00:20]} Rhd8 {[%emt 0:00:10] normal} 1-0